000
00202 a2200097 4500
001
25941
100
_a
ASM
245
_a
Atlas of Isothermal transformation
260
_a
_b
ASM
_c
090
_c
17544
_d
17544
942
_a
NUST-CAE
_c
M
_c
8385
999
_c
261014
_d
261014